Library Banner

Education and social challenges / (Record no. 105130)

MARC details
000 -LEADER
fixed length control field 00402nam a22001457a 4500
005 - DATE AND TIME OF LATEST TRANSACTION
control field 20180621111636.0
008 - FIXED-LENGTH DATA ELEMENTS--GENERAL INFORMATION
fixed length control field 180621b xxu||||| |||| 00| 0 eng d
020 ## - INTERNATIONAL STANDARD BOOK NUMBER
International Standard Book Number 9789351118978
040 ## - CATALOGING SOURCE
Transcribing agency PK-LaUMT
082 ## - DEWEY DECIMAL CLASSIFICATION NUMBER
Classification number 370.15
Item number EDU-
245 ## - TITLE STATEMENT
Title Education and social challenges /
Statement of responsibility, etc edited by S. K. Panner Selvam
260 ## - PUBLICATION, DISTRIBUTION, ETC. (IMPRINT)
Place of publication, distribution, etc New Delhi :
Name of publisher, distributor, etc Random Publications,
Date of publication, distribution, etc 2016
300 ## - PHYSICAL DESCRIPTION
Extent 235 p.
942 ## - ADDED ENTRY ELEMENTS (KOHA)
Koha item type Books
Holdings
Withdrawn status Lost status Damaged status Home library Current library Date acquired Full call number Barcode Date last seen Price effective from Koha item type
      UMT Main Campus UMT Main Campus 2018-06-21 370.15 EDU- 120919 2022-10-31 2018-06-21 Books